01889nam a2200205 a 4500008004100000020001800041041000800059092001700067100002500084245010200109250004200211260006100253300001100314500010500325505101600430655002101446942001301467999001501480952018801495180918t2014 ag |||g||||| 001 1 spa d a9789870432791 aspa c808l51sMCG1 aMcGuire, Jamie94304 aMaravilloso desastre.bIntensa, peligrosa, adictiva...conoce tu nueva obsesión /cJamie McGuire a1a ed.bTraducción Julia Alquézar aBuenos Aires:bAguilar, Altea, Taurus, Alfaguara;c2014. a441 p. aMcGuire, J.(2014). Maravilloso desastre. (1a ed.). Buenos Aires : Aguilar, Altea, Taurus, Alfaguara. aLa chica buena: Abby Abernathy no toma alcohol, no se mete en líos y trabaja muy duro. Cree que ha enterrado su oscuro pasado, pero cuando llega a la universidad, un rompecorazones conocido por sus historias de una noche pone en jaque su sueño de una nueva vida. El chico malo:Travis Maddox, sexy, musculoso y cubierto de tatuajes, es justamente el tipo de chico que atrae a Abby. Y precisamente lo que quiere evitar. Dedica sus noches a ganar dinero en un club de lucha itinerante, y sus días a ser el estudiante ejemplar y el seductor más popular del campus. Una mezcla explosiva. ¿Un desastre inminente... Intrigado por el rechazo de Abby, Travis intenta entrar en su vida proponiéndole una apuesta que trastocará sus mundos y lo cambiará todo. ...O el inicio de algo maravilloso? En cualquier caso, Travis no tiene la más mínima idea de que ha iniciado un tornado de emociones, obsesiones y juegos que les terminará haciendo daño..., aunque puede que también los una para siempre.  aLiteratura92917 2ddccLIT c3250d3250 00102ddc4070aBFMbBFMcCRd2025-04-23eDonación Abril 2025. Chiara Montenegrol0o808 51 MCGp5007r2025-04-23tEj.1w2025-04-23yLITzDonación Abril 2025. Chiara Montenegrof